Normal view
MARC view
- Construction industry
Entry Topical Term
001 - CONTROL NUMBER
- control field: 25247
003 - CONTROL NUMBER IDENTIFIER
- control field: NUST
005 - DATE AND TIME OF LATEST TRANSACTION
- control field: 20191106100601.0
008 - FIXED-LENGTH DATA ELEMENTS
- fixed length control field: 191106|| aca||aabn | a|a d
040 ## - CATALOGING SOURCE
- Original cataloging agency: NUST
- Transcribing agency: NUST
150 ## - HEADING--TOPICAL TERM
- Topical term or geographic name entry element: Construction industry
670 ## - SOURCE DATA FOUND
- Source citation: Work cat.: (NUST)0: Palmer, William J., 1934- 25246, Construction insurance, bonding, and risk management /, c1996.
